000 01461cam a22003974i 4500
003 PE-LiUPU
005 20250731184055.0
008 150617s r 000 0 d
020 _a8449966728
035 _a(Sirsi) i9788449966729
040 _aPE-LiUPU
_bspa
_cPE-LiUPU
_erda
049 _aPRUA
082 0 4 _a808.8
_bE39
_221
100 1 _aElitis, Odiseas,
_eautor.
245 1 0 _aDignum est /
_cOdiseas Elitis.
264 1 _aBuenos Aires :
_bHyspamérica Ediciones Argentina,
_c1983.
300 _a154 páginas ;
_c20 centímetros
336 _atext
_2rdacontent
337 _aunmediated
_2rdamedia
338 _avolume
_2rdacarrier
490 0 _aLos premios Nobel ;
_v31
505 0 _aEl génesis. -La pasión. -La marcha hacia el frente. -Los muleros. -La gran salida. -El solar de las ortigas. -El patio de los corderos. -Profético. -El gloria.
526 _aP145
526 _aP127
526 _aP97
526 _aP14
526 _aP07
650 0 4 _aPoesía cretense.
910 _ajck
_bjvq
_cjck
_d20150616
942 _2ddc
_cBOOK
949 _a808.8 E39
_wDEWEY
_c1
_i24636
_lCCODEBUL1
_mBUL
_r0
_sY
_tBOOK
_u2015-6-17
_xEDUCACION
_zUNKNOWN
_0COMPRA
_o.STAFF. Colección General
994 _aC0
_bPEPRU
596 _a1
999 _a808.8 E39
_wDEWEY
_c18044
_i24636
_f2021-11-5
_g5
_lCCODEBUL1
_mBUL
_r0
_sY
_tBOOK
_u2015-6-17
_xBIBLIOTECA
_zUNKNOWN
_0COMPRA
_o.STAFF. Colección General
_d18044
980 _81
_gALBERTO SANCHEZ Responsable de Automatización